Shelter of the rural poor (Record no. 1378839)

MARC details
000 -LEADER
fixed length control field 00576nam a2200205Ia 4500
005 - DATE AND TIME OF LATEST TRANSACTION
control field 20250508162817.0
008 - FIXED-LENGTH DATA ELEMENTS--GENERAL INFORMATION
fixed length control field 008 250505s9999 xx 000 0 eng d
020 ## - INTERNATIONAL STANDARD BOOK NUMBER
International Standard Book Number 81-7024-458-7
037 ## - SOURCE OF ACQUISITION
Stock number Textual
040 ## - CATALOGING SOURCE
Original cataloging agency FEDL
Language of cataloging eng
Transcribing agency FEDL
041 ## - LANGUAGE CODE
Language code of text/sound track or separate title eng
Source of code eng
084 ## - COLON CLASSIFICATION NUMBER
Classification number 307.72, JOH
Assigning agency FEDL
100 ## - MAIN ENTRY--PERSONAL NAME
Personal name John Joseph P.
9 (RLIN) 774089
245 #0 - TITLE STATEMENT
Title Shelter of the rural poor
260 ## - PUBLICATION, DISTRIBUTION, ETC.
Place of publication, distribution, etc. New Delhi, India
Name of publisher, distributor, etc. Ashish Publishing House
Date of publication, distribution, etc. 1992
300 ## - PHYSICAL DESCRIPTION
Extent vi,160p
700 ## - ADDED ENTRY--PERSONAL NAME
Personal name Sridharan N.
9 (RLIN) 774090
942 ## - ADDED ENTRY ELEMENTS (KOHA)
Koha item type Textual
Classification part 307.72, JOH
Holdings
Withdrawn status Lost status Damaged status Not for loan Home library Current library Date acquired Total Checkouts Full call number Barcode Date last seen Price effective from Koha item type
        Department of Education Library Department of Education Library 2025-05-08   307.72, JOH EL0071642 2025-05-08 2025-05-08 Textual
Copyright @ Delhi University Library System